Fréquence d'apparition des lettres en français - Statistiques

Statistiques générales
  • Ce quiz a été pris 121 fois
  • Le résultat moyen est 23 sur 26
Statistiques - réponses
Pourcentage Caractère % Correct
7,11 a
100%
12,10 e
100%
6,59 i
99%
6,51 s
94%
6,39 n
92%
5,02 o
91%
6,07 r
91%
5,92 t
91%
4,96 l
90%
3,67 d
88%
4,49 u
88%
0,17 w
87%
0,15 z
87%
1,14 b
86%
3,18 c
86%
1,11 f
86%
1,23 g
86%
1,11 h
86%
0,34 j
86%
0,29 k
86%
2,62 m
86%
2,49 p
86%
0,65 q
86%
1,11 v
86%
0,38 x
86%
0,46 y
86%
Aucun quiz correspondant
Distribution des résultats
% des personnes avec chaque résultat
Percentile par nombre de réponses
Votre historique - résultats
Vous n’avez pas pris ce quiz